El gobierno: estudios comparados
Salvato in:
| Autori principali: | , , |
|---|---|
| Altri autori: | |
| Natura: | Libro |
| Lingua: | spagnolo |
| Pubblicazione: |
Madrid
Alianza
1981
|
| Soggetti: | |
| Tags: |
Aggiungi Tag
Nessun Tag, puoi essere il primo ad aggiungerne!!
|
MARC
| LEADER | 00000nam a2200000 a 4500 | ||
|---|---|---|---|
| 001 | UCP6648 | ||
| 003 | CL-VaPUC | ||
| 008 | 991112e19810000SP |||||||||||||||||spa|d | ||
| 082 | 0 | 4 | |a 321 |b BLO |2 21 |
| 100 | 0 | |a Blondel, Jean |e author |9 435828 | |
| 700 | 0 | |a Duvenger, Maurice |e author |9 435829 | |
| 700 | 0 | |a Finer, S. E |e author |9 435830 | |
| 700 | |a Lipset, Seymour Martin |e autor |9 451988 | ||
| 245 | 1 | 3 | |a El gobierno: estudios comparados |
| 300 | |a 305 p | ||
| 942 | |c BK | ||
| 945 | |d 19991112 00:00:00 |a crobeson | ||
| 260 | |a Madrid |b Alianza |c 1981 | ||
| 650 | 0 | |a Sistemas de gobiernos |9 330159 | |
| 650 | 7 | |a SISTEMAS POLITICOS |2 CL-VaPUC |9 435832 | |
| 650 | 0 | |a Partidos políticos |9 254999 | |
| 650 | 0 | |a Democracia |9 255256 | |
| 650 | 0 | |a Totalitarismo |9 255261 | |
| 650 | 7 | |a ESTUDIO COMPARATIVO |2 CL-VaPUC |9 321392 | |
| 583 | |a last modification |c 20190708 09:37:54 |k Rodrigo Vera | ||
| 999 | |c 284119 |d 284117 | ||
| 952 | |0 0 |1 0 |4 0 |6 321_000000000000000_BLO_1981 |7 0 |8 A |9 327884 |a BIBHIS |b BIBHIS |d 2019-11-20 |i 1371002 |o 321 BLO 1981 |p 1371002 |r 2025-01-20 |w 2019-11-20 |y BK |k HIS | ||
| 952 | |0 0 |1 0 |4 0 |6 321_000000000000000_BLO_1981 |7 0 |8 A |9 327885 |a BIBHIS |b BIBHIS |d 2019-11-20 |i 4043898 |o 321 BLO 1981 |p 4043898 |r 2025-01-20 |w 2019-11-20 |y BK |k HIS | ||